00788nam a22002297a 450000500170000000800410001704000270005804100080008508200180009310000410011124501000015226000370025230000200028950400500030965000320035965000190039165000240041065000310043465000210046565000260048670000460051220180608150022.0180608b1987 ck |||||rn|||o00| 0 spa d aCO-BoIAVH cCO-BoIAVH  aspa14a632.768bM45b1 aMaya Montalvo, Luis Alejandroeautor13aLa broca de la cereza del cafeto (Hypothenemus hampei Ferrari 1867): bresúmenes analíticos aChinchiná:bCenicafé,c1987. a351 páginas,  aIncluye índice de descriptores (página 3114aEnfermedades de las plantas14aCurculionoidea14aHypothenemus hampei14aBroca del fruto del cafeto14aBroca del café14aBarrenador del café1 aMoncada Botero, María del Pilareautora